000 00792nam a2200193Ii 4500
003 JO-AjNU
008 230606s9999||||xx |||||||||||||| ||und||
040 _aJO-AjNU
_beng
_erda
_cJO-AjNU
041 _aeng
050 1 4 _aP297.2017
100 3 _aPreparation Manajre , Tasneem Amjad, م .مشاركHanan Abdulkareem Dhoun؛ Supervisor Mahmoud AL-Sobh, Co Supervisor Ra,ed Al Qassas,
_eauthor
_95379
245 0 0 _aProblem Encountered by Ajloun National University Students in Using Relative Clauses
264 3 1 _aAjIoun: AjIoun National University, 2017
300 _a23p
_b Graduation project, AjIoun National University, 2017
336 _atext
_btxt
_2rdacontent
337 _aunmediated
_bn
_2rdamedia
338 _avolume
_bnc
_2rdacarrier
650 4 _aGrammar - relative clauses
_95380
999 _aE2778
_c2776
_d2776